|
|
|
|
| LEADER |
00000nab a2200000 a 4500 |
| 001 |
vtls008990309 |
| 003 |
SK-MaSNL |
| 005 |
20260304144631.0 |
| 008 |
250505c2007 xo |||||||||||000 b|slo |
| 015 |
|
|
|a SNBRB2007/05
|2 snkbucl
|
| 035 |
|
|
|a (uuid)b64f57a3-d1b4-4207-b2bb-65cb210ea64a
|
| 035 |
|
|
|a urn:nbn:sk:snk-ab2xik
|
| 035 |
|
|
|a (urnnbn)urn:nbn:sk:snk:ar-a032lt
|
| 038 |
|
|
|a SNKBUCL
|
| 040 |
|
|
|a SNKBUCL
|b slo
|c SNKBUCL
|e AACR2
|
| 041 |
0 |
|
|a slo
|
| 044 |
|
|
|a xo
|c SK
|
| 080 |
|
|
|a 001.89
|x (100)
|2 2001
|
| 100 |
1 |
|
|a Babic, Marián
|4 aut
|9 376054
|
| 245 |
1 |
0 |
|a Veda 2007: Očakávanie výnimočných objavov
|c Marián Babic
|
| 300 |
|
|
|b Fotogr.
|
| 648 |
|
7 |
|a 2007
|2 snkbucl
|9 313226
|
| 650 |
0 |
7 |
|a veda
|2 snkbucl
|9 1599
|
| 650 |
0 |
7 |
|a objavy a vynálezy
|2 snkbucl
|9 2648
|
| 773 |
0 |
|
|t Quark
|g Roč. XIII, č. 3 (2007), s. 16-17
|x 1335-4000
|
| 850 |
|
|
|a Slovenská národná knižnica
|
| 852 |
|
|
|a Slovenská národná knižnica
|
| 954 |
|
|
|a odborná, vedecká literatúra pôvodná (slovenská)
|2 lita
|
| 958 |
|
|
|a article2022
|
| 958 |
|
|
|a OND
|
| 958 |
|
|
|a EUIPO
|
| 999 |
|
|
|c 2932339
|d 2934269
|